00484nam a2200157Ia 4500100003200000650001000032942000700042366000700049245003100056260002200087082001700109300000800126546002500134999001700159952015000176 aSpong/Mark W/ Vidyasagar/M  aRobot cBK f27 aRobot dynamics and control bWiley Indiac2004 a629.892bSPO a336 aENGLISHcelectronics c32304d32304 001040708CRCaCRCEbCRCEd2023-03-17eAllied Publishersg472.00i1037 dt 03.11.2015l0o629.892 SPOp23867r2023-03-17v499.00w0000-00-00yBK